A child's garden of Bible stories / (Record no. 2293)

MARC details
000 -LEADER
fixed length control field 00854cam a2200265 a 4500
001 - CONTROL NUMBER
control field 12401599
003 - CONTROL NUMBER IDENTIFIER
control field GBCCL
005 - DATE AND TIME OF LATEST TRANSACTION
control field 20241126110426.0
008 - FIXED-LENGTH DATA ELEMENTS--GENERAL INFORMATION
fixed length control field 010507s2001 moua j 000 0 eng
010 ## -
-- 2001268469
020 ## - INTERNATIONAL STANDARD BOOK NUMBER
International Standard Book Number 0570071631
040 ## - CATALOGING SOURCE
Original cataloging agency DLC
Transcribing agency DLC
050 00 -
-- BS551.3
-- .G76 2001
082 ## - DEWEY DECIMAL CLASSIFICATION NUMBER
Classification number 220.9505
Item number GRO
100 1# - MAIN ENTRY--PERSONAL NAME
Personal name Gross, Arthur William,
Dates associated with a name 1896-
9 (RLIN) 4745
245 12 - TITLE STATEMENT
Title A child's garden of Bible stories /
Statement of responsibility, etc. by Arthur W. Gross ; illustrated by Marilynn Barr.
260 ## - PUBLICATION, DISTRIBUTION, ETC.
Place of publication, distribution, etc. Saint Louis :
Name of publisher, distributor, etc. Concordia Pub. House,
Date of publication, distribution, etc. c2001.
300 ## - PHYSICAL DESCRIPTION
Extent 142 p. :
Other physical details col. ill. ;
Dimensions 20 cm.
500 ## - GENERAL NOTE
General note "The classic edition."
650 #0 - SUBJECT ADDED ENTRY--TOPICAL TERM
Topical term or geographic name entry element Bible stories, English.
9 (RLIN) 1346
700 1# - ADDED ENTRY--PERSONAL NAME
Personal name Barr, Marilynn G.,
Relator term ill.
9 (RLIN) 4746
906 ## - LOCAL DATA ELEMENT F, LDF (RLIN)
a 7
b cbc
c origcop
d 3
e ncip
f 20
g y-gencatlg
942 ## - ADDED ENTRY ELEMENTS (KOHA)
Source of classification or shelving scheme Dewey Decimal Classification
Koha item type Books
Koha issues (borrowed), all copies 7
Holdings
Withdrawn status Lost status Source of classification or shelving scheme Damaged status Not for loan Home library Current Library Shelving location Date acquired Total checkouts Full call number Barcode Date last seen Date last checked out Copy number Price effective from Koha item type Total renewals
    Dewey Decimal Classification     GRACE BIBLE COLLEGE GRACE BIBLE COLLEGE Biblical Studies 2017-07-31 1 220.9505 GRO 009460 2025-05-01 2022-08-02 c.2 2017-07-31 Books  
    Dewey Decimal Classification     GRACE BIBLE COLLEGE GRACE BIBLE COLLEGE Biblical Studies 2017-11-27   220.9505 GRO 009459 2025-05-01   c.1 2017-11-27 Books  
    Dewey Decimal Classification     GRACE BIBLE COLLEGE GRACE BIBLE COLLEGE Biblical Studies 2017-12-15   220.9505 GRO 009464 2025-05-01   c.3 2017-12-15 Books  
    Dewey Decimal Classification     GRACE BIBLE COLLEGE GRACE BIBLE COLLEGE Biblical Studies 2018-02-21   220.9505 GRO 009466 2025-05-01   c.4 2018-02-21 Books  
    Dewey Decimal Classification     GRACE BIBLE COLLEGE GRACE BIBLE COLLEGE Biblical Studies 2018-02-21   220.9505 GRO 009467 2025-05-01   c.5 2018-02-21 Books  
    Dewey Decimal Classification     GRACE BIBLE COLLEGE GRACE BIBLE COLLEGE Biblical Studies 2018-03-15 1 220.9505 GRO 009468 2025-05-01 2019-09-24 c.6 2018-03-15 Books  
    Dewey Decimal Classification     GRACE BIBLE COLLEGE GRACE BIBLE COLLEGE Biblical Studies 2018-03-15 1 220.9505 GRO 009472 2025-05-01 2022-06-20 c.7 2018-03-15 Books 2
    Dewey Decimal Classification     GRACE BIBLE COLLEGE GRACE BIBLE COLLEGE Biblical Studies 2018-03-15 1 220.9505 GRO 009473 2025-05-01 2019-03-28 c.8 2018-03-15 Books  
    Dewey Decimal Classification     GRACE BIBLE COLLEGE GRACE BIBLE COLLEGE Biblical Studies 2018-03-15 1 220.9505 GRO 009474 2025-05-01 2023-10-28 c.9 2018-03-15 Books  
    Dewey Decimal Classification     GRACE BIBLE COLLEGE GRACE BIBLE COLLEGE Biblical Studies 2018-03-15 2 220.9505 GRO 009477 2025-05-01 2023-10-28 c.10 2018-03-15 Books  
© Grace Bible College Library 2025